| 000 | 00583nam a22001937a 4500 | ||
|---|---|---|---|
| 005 | 20171031112835.0 | ||
| 010 | _aENG-121109 | ||
| 020 |
_c995.00 _a9789383514021 |
||
| 035 | _aEN-104641 | ||
| 037 | _bDBAD/PUB | ||
| 082 | _a363.34 | ||
| 100 | _aDhingra, S. K. | ||
| 245 |
_aBorder management and security / _cby S. K. Dhingra |
||
| 260 |
_aNew Delhi _bLucky International _c2015 |
||
| 270 |
_aH-16/1922, Sangam Vihar _bNew Delhi _e110019 |
||
| 300 |
_a236p. _c23cm(Hb) |
||
| 500 | _aIncludes bibliographical references | ||
| 942 |
_2ddc _cEN _h363.34 _mDHI |
||
| 999 |
_c147012 _d147012 |
||